[Event "DEM U18 2021"]
[Site "Willingen GER"]
[Date "2021.08.25"]
[Round "4"]
[White "Wachinger, Nikolas"]
[Black "Richter, Nils"]
[Result "1/2-1/2"]
[Termination "normal"]
[Board "3"]
[BlackTitle "FM"]
[WhiteElo "2361"]
[BlackElo "2292"]
[WhiteClock "00:35:51"]
[BlackClock "00:24:47"]
[PlyCount "98"]
[WhiteFideId "12962791"]
[BlackFideId "12990809"]
[EventCountry "GER"]
[EventRounds "9"]
[EventType "swiss"]
[EventDate "2021.08.22"]

1. d4 {[%clk 1:30:56]} d5 {[%clk 1:30:51]} 2. c4 {[%clk 1:31:18]} e6 {[%clk
1:31:12]} 3. Nc3 {[%clk 1:31:40]} a6 {[%clk 1:31:34]} 4. cxd5 {[%clk 1:31:17]}
exd5 {[%clk 1:32:02]} 5. Qb3 {[%clk 1:30:44]} Bd6 {[%clk 1:32:22]} 6. Qxd5
{[%clk 1:22:04]} Nf6 {[%clk 1:32:05]} 7. Qb3 {[%clk 1:21:53]} c5 {[%clk
1:31:28]} 8. Nf3 {[%clk 1:07:05]} cxd4 {[%clk 1:30:47]} 9. Nxd4 {[%clk
1:03:55]} Bc5 {[%clk 1:30:59]} 10. e3 {[%clk 1:03:13]} O-O {[%clk 1:29:13]} 11.
Be2 {[%clk 1:02:49]} Bxd4 {[%clk 1:24:16]} 12. exd4 {[%clk 1:03:11]} Nc6 {[%clk
1:24:26]} 13. Be3 {[%clk 0:55:31]} Nxd4 {[%clk 1:23:09]} 14. Bxd4 {[%clk
0:55:30]} Qxd4 {[%clk 1:23:36]} 15. O-O {[%clk 0:55:16]} b5 {[%clk 1:05:59]}
16. Rfd1 {[%clk 0:50:59]} Qc5 {[%clk 0:55:47]} 17. Rac1 {[%clk 0:46:41]} Qe7
{[%clk 0:53:35]} 18. a3 {[%clk 0:41:53]} Bb7 {[%clk 0:49:39]} 19. Rd4 {[%clk
0:36:49]} Rac8 {[%clk 0:41:51]} 20. Re1 {[%clk 0:33:36]} Rfe8 {[%clk 0:38:27]}
21. Qb4 {[%clk 0:28:38]} g6 {[%clk 0:26:34]} 22. Qxe7 {[%clk 0:27:47]} Rxe7
{[%clk 0:27:03]} 23. f3 {[%clk 0:28:00]} Rd7 {[%clk 0:25:07]} 24. Rxd7 {[%clk
0:27:36]} Nxd7 {[%clk 0:25:35]} 25. Kf2 {[%clk 0:24:47]} Kf8 {[%clk 0:25:10]}
26. Bf1 {[%clk 0:23:16]} h6 {[%clk 0:22:37]} 27. h4 {[%clk 0:21:55]} Nb6 {[%clk
0:21:17]} 28. Bd3 {[%clk 0:20:56]} Nc4 {[%clk 0:20:36]} 29. Nd1 {[%clk
0:16:47]} Bd5 {[%clk 0:14:59]} 30. Re2 {[%clk 0:16:08]} g5 {[%clk 0:11:57]} 31.
hxg5 {[%clk 0:14:57]} hxg5 {[%clk 0:12:25]} 32. Ne3 {[%clk 0:14:57]} Nxe3
{[%clk 0:11:17]} 33. Rxe3 {[%clk 0:15:17]} Bc4 {[%clk 0:06:54]} 34. Bf5 {[%clk
0:10:15]} Rc5 {[%clk 0:05:08]} 35. g4 {[%clk 0:10:16]} Rc6 {[%clk 0:04:11]} 36.
Rc3 {[%clk 0:09:05]} Rd6 {[%clk 0:03:17]} 37. b3 {[%clk 0:07:16]} Bd5 {[%clk
0:02:00]} 38. Rd3 {[%clk 0:07:18]} Ke7 {[%clk 0:02:07]} 39. Ke3 {[%clk
0:07:37]} a5 {[%clk 0:01:17]} 40. b4 {[%clk 0:07:32]} axb4 {[%clk 0:00:58]} 41.
axb4 {[%clk 0:03:53]} Bc4 {[%clk 0:26:46]} 42. Rxd6 {[%clk 0:33:08]} Kxd6
{[%clk 0:27:14]} 43. f4 {[%clk 0:33:30]} gxf4+ {[%clk 0:23:37]} 44. Kxf4 {[%clk
0:33:54]} Kd5 {[%clk 0:23:46]} 45. g5 {[%clk 0:34:18]} Kd4 {[%clk 0:23:33]} 46.
g6 {[%clk 0:34:43]} fxg6 {[%clk 0:23:37]} 47. Bxg6 {[%clk 0:35:09]} Kc3 {[%clk
0:24:00]} 48. Be8 {[%clk 0:35:31]} Kxb4 {[%clk 0:24:20]} 49. Bxb5 {[%clk
0:35:51]} Kxb5 {[%clk 0:24:47]} 1/2-1/2

[Event "DEM U18 2021"]
[Site "Willingen GER"]
[Date "2021.08.25"]
[Round "4"]
[White "Stork, Oliver"]
[Black "Suvorov, Luca"]
[Result "1/2-1/2"]
[Termination "normal"]
[Board "4"]
[WhiteTitle "FM"]
[BlackTitle "FM"]
[WhiteElo "2365"]
[BlackElo "2292"]
[WhiteClock "00:02:42"]
[BlackClock "00:01:28"]
[PlyCount "119"]
[WhiteFideId "12955728"]
[BlackFideId "12977071"]
[EventCountry "GER"]
[EventRounds "9"]
[EventType "swiss"]
[EventDate "2021.08.22"]

1. e4 {[%clk 1:30:57]} c6 {[%clk 1:30:30]} 2. Nc3 {[%clk 1:31:09]} d5 {[%clk
1:30:50]} 3. Nf3 {[%clk 1:31:33]} Bg4 {[%clk 1:31:02]} 4. h3 {[%clk 1:31:47]}
Bxf3 {[%clk 1:31:19]} 5. Qxf3 {[%clk 1:32:10]} e6 {[%clk 1:31:35]} 6. Be2
{[%clk 1:32:10]} Bc5 {[%clk 1:25:33]} 7. O-O {[%clk 1:32:11]} Ne7 {[%clk
1:22:31]} 8. Na4 {[%clk 1:26:23]} Bd6 {[%clk 1:15:51]} 9. d4 {[%clk 1:26:26]}
O-O {[%clk 1:03:23]} 10. e5 {[%clk 1:21:02]} Bc7 {[%clk 1:01:32]} 11. Bd3
{[%clk 1:17:41]} Ng6 {[%clk 0:43:03]} 12. Qg4 {[%clk 1:05:41]} Nd7 {[%clk
0:37:01]} 13. Bg5 {[%clk 1:02:13]} Qe8 {[%clk 0:36:06]} 14. Rae1 {[%clk
0:46:45]} c5 {[%clk 0:29:12]} 15. Bxg6 {[%clk 0:36:35]} fxg6 {[%clk 0:17:15]}
16. Nxc5 {[%clk 0:36:29]} Nxc5 {[%clk 0:17:31]} 17. dxc5 {[%clk 0:36:53]} Rf5
{[%clk 0:17:11]} 18. Be3 {[%clk 0:32:05]} Qb5 {[%clk 0:15:45]} 19. Bd4 {[%clk
0:31:08]} Qc4 {[%clk 0:11:41]} 20. Re3 {[%clk 0:15:07]} Qxa2 {[%clk 0:08:13]}
21. Qe2 {[%clk 0:12:13]} Qa4 {[%clk 0:07:36]} 22. Rd1 {[%clk 0:12:27]} a6
{[%clk 0:05:12]} 23. b4 {[%clk 0:10:39]} Raf8 {[%clk 0:04:29]} 24. Rb3 {[%clk
0:09:35]} Rf4 {[%clk 0:03:54]} 25. f3 {[%clk 0:05:59]} g5 {[%clk 0:03:12]} 26.
Ra1 {[%clk 0:06:02]} Qe8 {[%clk 0:02:30]} 27. c3 {[%clk 0:06:21]} h5 {[%clk
0:02:20]} 28. b5 {[%clk 0:05:52]} g4 {[%clk 0:02:08]} 29. hxg4 {[%clk 0:04:59]}
hxg4 {[%clk 0:02:30]} 30. fxg4 {[%clk 0:05:16]} Re4 {[%clk 0:02:07]} 31. Qd2
{[%clk 0:04:00]} Qg6 {[%clk 0:01:46]} 32. bxa6 {[%clk 0:04:14]} bxa6 {[%clk
0:01:29]} 33. Rb7 {[%clk 0:04:22]} Qxg4 {[%clk 0:01:17]} 34. Re1 {[%clk
0:03:31]} Rxe1+ {[%clk 0:00:49]} 35. Qxe1 {[%clk 0:04:00]} Rf7 {[%clk 0:00:35]}
36. c6 {[%clk 0:04:05]} a5 {[%clk 0:00:42]} 37. Qb1 {[%clk 0:02:16]} Qf4 {[%clk
0:00:38]} 38. Rxc7 {[%clk 0:01:00]} Rxc7 {[%clk 0:00:32]} 39. Qb8+ {[%clk
0:01:26]} Kh7 {[%clk 0:00:56]} 40. Qxc7 {[%clk 0:01:52]} Qc1+ {[%clk 0:00:54]}
41. Kh2 {[%clk 0:23:52]} Qh6+ {[%clk 0:18:23]} 42. Kg3 {[%clk 0:24:06]} Qg6+
{[%clk 0:12:56]} 43. Kf2 {[%clk 0:24:05]} Qc2+ {[%clk 0:12:06]} 44. Ke3 {[%clk
0:23:59]} Qc1+ {[%clk 0:12:27]} 45. Kf3 {[%clk 0:24:13]} Qd1+ {[%clk 0:12:20]}
46. Kg3 {[%clk 0:24:25]} Qe1+ {[%clk 0:12:41]} 47. Bf2 {[%clk 0:21:50]} Qxc3+
{[%clk 0:13:03]} 48. Kh2 {[%clk 0:22:10]} a4 {[%clk 0:12:02]} 49. Bg3 {[%clk
0:14:05]} Qc1 {[%clk 0:06:48]} 50. Qe7 {[%clk 0:07:45]} Qxc6 {[%clk 0:04:37]}
51. Kh3 {[%clk 0:07:44]} Qa6 {[%clk 0:03:35]} 52. Qd6 {[%clk 0:07:31]} Qc8
{[%clk 0:03:26]} 53. Kh2 {[%clk 0:04:26]} Qe8 {[%clk 0:03:06]} 54. Kg1 {[%clk
0:04:20]} Qc8 {[%clk 0:03:10]} 55. Qb4 {[%clk 0:01:50]} Qc1+ {[%clk 0:01:59]}
56. Kh2 {[%clk 0:01:33]} a3 {[%clk 0:01:22]} 57. Qa4 {[%clk 0:01:25]} Qh6+
{[%clk 0:00:49]} 58. Kg1 {[%clk 0:01:52]} Qc1+ {[%clk 0:01:11]} 59. Kh2 {[%clk
0:02:18]} Qh6+ {[%clk 0:01:28]} 60. Kg1 {[%clk 0:02:42]} 1/2-1/2

[Event "DEM U18 2021"]
[Site "Willingen GER"]
[Date "2021.08.25"]
[Round "4"]
[White "Woelk, Tom-Frederic"]
[Black "Kolb, Tobias"]
[Result "1-0"]
[Termination "normal"]
[Board "5"]
[WhiteTitle "FM"]
[BlackTitle "FM"]
[WhiteElo "2314"]
[BlackElo "2307"]
[WhiteClock "00:13:12"]
[BlackClock "00:00:39"]
[PlyCount "115"]
[WhiteFideId "12993077"]
[BlackFideId "12992321"]
[EventCountry "GER"]
[EventRounds "9"]
[EventType "swiss"]
[EventDate "2021.08.22"]

1. d4 {[%clk 1:30:57]} Nf6 {[%clk 1:30:57]} 2. c4 {[%clk 1:31:18]} e6 {[%clk
1:31:24]} 3. Nc3 {[%clk 1:31:11]} Bb4 {[%clk 1:31:50]} 4. f3 {[%clk 1:31:25]}
d5 {[%clk 1:31:52]} 5. a3 {[%clk 1:31:44]} Be7 {[%clk 1:31:50]} 6. e4 {[%clk
1:32:04]} dxe4 {[%clk 1:32:01]} 7. fxe4 {[%clk 1:32:28]} c5 {[%clk 1:32:20]} 8.
d5 {[%clk 1:32:53]} exd5 {[%clk 1:32:46]} 9. exd5 {[%clk 1:33:19]} O-O {[%clk
1:33:05]} 10. Be2 {[%clk 1:32:31]} a6 {[%clk 1:33:03]} 11. Nf3 {[%clk 1:26:01]}
Bd6 {[%clk 1:32:19]} 12. Bg5 {[%clk 1:25:23]} h6 {[%clk 1:30:45]} 13. Bxf6
{[%clk 1:22:02]} Qxf6 {[%clk 1:31:06]} 14. Ne4 {[%clk 1:22:17]} Qe7 {[%clk
1:28:51]} 15. Nxd6 {[%clk 1:21:21]} Qxd6 {[%clk 1:29:08]} 16. O-O {[%clk
1:21:35]} Re8 {[%clk 1:03:34]} 17. Bd3 {[%clk 1:12:35]} Bg4 {[%clk 1:02:23]}
18. h3 {[%clk 1:10:57]} Bxf3 {[%clk 0:44:18]} 19. Qxf3 {[%clk 1:11:19]} Rf8
{[%clk 0:40:58]} 20. Rae1 {[%clk 0:59:31]} Nd7 {[%clk 0:40:52]} 21. Qe4 {[%clk
0:59:21]} g6 {[%clk 0:41:16]} 22. Qe7 {[%clk 0:59:45]} Qxe7 {[%clk 0:40:36]}
23. Rxe7 {[%clk 1:00:08]} Rad8 {[%clk 0:41:04]} 24. g4 {[%clk 0:59:20]} Kg7
{[%clk 0:36:08]} 25. b3 {[%clk 0:58:25]} b6 {[%clk 0:33:52]} 26. Rfe1 {[%clk
0:47:14]} Kf6 {[%clk 0:24:16]} 27. Kg2 {[%clk 0:45:55]} h5 {[%clk 0:21:33]} 28.
gxh5 {[%clk 0:37:10]} gxh5 {[%clk 0:21:59]} 29. Kg3 {[%clk 0:37:31]} Rg8+
{[%clk 0:19:46]} 30. Kh4 {[%clk 0:36:23]} Rg2 {[%clk 0:18:13]} 31. R7e2 {[%clk
0:36:00]} Rxe2 {[%clk 0:18:13]} 32. Rxe2 {[%clk 0:36:24]} Ne5 {[%clk 0:18:02]}
33. Rf2+ {[%clk 0:36:40]} Ke7 {[%clk 0:16:17]} 34. Be2 {[%clk 0:34:46]} Rg8
{[%clk 0:08:42]} 35. Bxh5 {[%clk 0:21:34]} Rg1 {[%clk 0:09:08]} 36. d6+ {[%clk
0:14:59]} Kxd6 {[%clk 0:05:27]} 37. Rf6+ {[%clk 0:15:20]} Kc7 {[%clk 0:05:55]}
38. Bxf7 {[%clk 0:15:14]} Rb1 {[%clk 0:06:17]} 39. Bd5 {[%clk 0:07:13]} Rxb3
{[%clk 0:06:39]} 40. Re6 {[%clk 0:07:08]} Nf3+ {[%clk 0:04:23]} 41. Kg4 {[%clk
0:05:04]} Nh2+ {[%clk 0:08:41]} 42. Kf4 {[%clk 0:30:02]} Rxh3 {[%clk 0:08:56]}
43. Rc6+ {[%clk 0:28:12]} Kd7 {[%clk 0:09:22]} 44. Rxb6 {[%clk 0:25:11]} Rxa3
{[%clk 0:09:47]} 45. Bg2 {[%clk 0:23:17]} Ra1 {[%clk 0:05:42]} 46. Rh6 {[%clk
0:16:59]} Rc1 {[%clk 0:04:42]} 47. Rxh2 {[%clk 0:17:07]} Rxc4+ {[%clk 0:05:08]}
48. Ke5 {[%clk 0:17:33]} Rc1 {[%clk 0:04:43]} 49. Rh7+ {[%clk 0:17:41]} Ke8
{[%clk 0:04:15]} 50. Bd5 {[%clk 0:17:33]} Kf8 {[%clk 0:03:22]} 51. Rf7+ {[%clk
0:17:37]} Ke8 {[%clk 0:03:49]} 52. Kd6 {[%clk 0:18:01]} Rg1 {[%clk 0:03:21]}
53. Ra7 {[%clk 0:13:20]} Rg6+ {[%clk 0:03:45]} 54. Be6 {[%clk 0:13:46]} Kf8
{[%clk 0:03:59]} 55. Rxa6 {[%clk 0:12:42]} Kg7 {[%clk 0:03:57]} 56. Ke5 {[%clk
0:12:49]} Rg1 {[%clk 0:00:58]} 57. Ra7+ {[%clk 0:12:54]} Kg6 {[%clk 0:00:39]}
58. Bf5+ {[%clk 0:13:12]} 1-0

[Event "DEM U18 2021"]
[Site "Willingen GER"]
[Date "2021.08.25"]
[Round "4"]
[White "Knüdel, Torben"]
[Black "Popist, Florian"]
[Result "1-0"]
[Termination "normal"]
[Board "6"]
[WhiteElo "2171"]
[BlackElo "2077"]
[WhiteClock "00:32:45"]
[BlackClock "00:30:12"]
[PlyCount "85"]
[WhiteFideId "16208820"]
[BlackFideId "16203518"]
[EventCountry "GER"]
[EventRounds "9"]
[EventType "swiss"]
[EventDate "2021.08.22"]

1. e4 {[%clk 1:30:57]} c5 {[%clk 1:30:55]} 2. Nf3 {[%clk 1:31:20]} Nc6 {[%clk
1:31:17]} 3. d4 {[%clk 1:31:38]} cxd4 {[%clk 1:31:41]} 4. Nxd4 {[%clk 1:32:01]}
g6 {[%clk 1:32:06]} 5. Nc3 {[%clk 1:31:40]} Bg7 {[%clk 1:32:30]} 6. Be3 {[%clk
1:32:05]} Nf6 {[%clk 1:32:46]} 7. Bc4 {[%clk 1:32:22]} O-O {[%clk 1:33:08]} 8.
Bb3 {[%clk 1:32:43]} Re8 {[%clk 1:33:30]} 9. f3 {[%clk 1:25:56]} e6 {[%clk
1:33:54]} 10. f4 {[%clk 1:26:18]} Ng4 {[%clk 1:34:18]} 11. Qxg4 {[%clk
1:25:54]} Nxd4 {[%clk 1:30:05]} 12. Qd1 {[%clk 1:21:22]} Nxb3 {[%clk 1:23:20]}
13. axb3 {[%clk 1:21:40]} d5 {[%clk 1:18:43]} 14. e5 {[%clk 1:18:22]} b6 {[%clk
1:07:14]} 15. O-O {[%clk 1:15:07]} Bd7 {[%clk 1:07:01]} 16. Qd2 {[%clk
1:03:42]} Qc7 {[%clk 1:06:27]} 17. Bd4 {[%clk 1:01:34]} Rec8 {[%clk 1:05:05]}
18. f5 {[%clk 0:44:53]} Bxe5 {[%clk 0:31:56]} 19. Bxe5 {[%clk 0:37:30]} Qxe5
{[%clk 0:32:20]} 20. Rae1 {[%clk 0:37:49]} Qc7 {[%clk 0:30:23]} 21. Kh1 {[%clk
0:26:13]} Qc5 {[%clk 0:27:21]} 22. Rf3 {[%clk 0:20:47]} exf5 {[%clk 0:24:22]}
23. Nxd5 {[%clk 0:16:57]} Be6 {[%clk 0:21:58]} 24. Nf6+ {[%clk 0:16:55]} Kg7
{[%clk 0:21:44]} 25. Qg5 {[%clk 0:14:27]} Qd4 {[%clk 0:18:20]} 26. Nh5+ {[%clk
0:14:03]} Kf8 {[%clk 0:11:54]} 27. Qh6+ {[%clk 0:11:54]} Ke7 {[%clk 0:08:14]}
28. Rd3 {[%clk 0:09:48]} Qh8 {[%clk 0:07:02]} 29. Qg5+ {[%clk 0:08:21]} Kf8
{[%clk 0:04:33]} 30. Rxe6 {[%clk 0:07:52]} Re8 {[%clk 0:02:06]} 31. Rxe8+
{[%clk 0:06:48]} Rxe8 {[%clk 0:02:35]} 32. Rd8 {[%clk 0:04:45]} Qxb2 {[%clk
0:01:51]} 33. Qh6+ {[%clk 0:04:54]} Ke7 {[%clk 0:02:12]} 34. Qg5+ {[%clk
0:05:16]} Kf8 {[%clk 0:02:32]} 35. Qh6+ {[%clk 0:01:48]} Ke7 {[%clk 0:03:00]}
36. Rd1 {[%clk 0:01:26]} Qxc2 {[%clk 0:02:20]} 37. Qg5+ {[%clk 0:01:45]} Kf8
{[%clk 0:02:31]} 38. Qh6+ {[%clk 0:02:14]} Ke7 {[%clk 0:02:52]} 39. Re1+ {[%clk
0:02:10]} Kd8 {[%clk 0:01:35]} 40. Qg5+ {[%clk 0:02:28]} f6 {[%clk 0:01:44]}
41. Qxf6+ {[%clk 0:02:05]} Kd7 {[%clk 0:29:50]} 42. Qf7+ {[%clk 0:32:20]} Kd6
{[%clk 0:30:12]} 43. Qxe8 {[%clk 0:32:45]} 1-0

[Event "DEM U18 2021"]
[Site "Willingen GER"]
[Date "2021.08.25"]
[Round "4"]
[White "Khachatryan, Taron"]
[Black "Nguyen, Alex Dac-Vuong"]
[Result "1/2-1/2"]
[Termination "normal"]
[Board "7"]
[BlackTitle "FM"]
[WhiteElo "2065"]
[BlackElo "2290"]
[WhiteClock "00:00:58"]
[BlackClock "00:20:18"]
[PlyCount "72"]
[WhiteFideId "16216598"]
[BlackFideId "12984388"]
[EventCountry "GER"]
[EventRounds "9"]
[EventType "swiss"]
[EventDate "2021.08.22"]

1. Nf3 {[%clk 1:30:39]} Nf6 {[%clk 1:30:56]} 2. c4 {[%clk 1:30:40]} g6 {[%clk
1:31:22]} 3. b3 {[%clk 1:30:23]} Bg7 {[%clk 1:31:45]} 4. Bb2 {[%clk 1:30:47]}
O-O {[%clk 1:32:09]} 5. g3 {[%clk 1:29:37]} d6 {[%clk 1:32:05]} 6. Bg2 {[%clk
1:29:50]} Nc6 {[%clk 1:26:39]} 7. d4 {[%clk 1:29:21]} a6 {[%clk 1:25:53]} 8.
O-O {[%clk 1:29:24]} Rb8 {[%clk 1:25:48]} 9. Qc1 {[%clk 1:27:19]} Bd7 {[%clk
1:11:24]} 10. Nbd2 {[%clk 1:17:09]} b5 {[%clk 1:02:09]} 11. d5 {[%clk 1:12:10]}
Na7 {[%clk 0:52:19]} 12. e4 {[%clk 1:04:44]} bxc4 {[%clk 0:49:43]} 13. bxc4
{[%clk 1:03:04]} c5 {[%clk 0:42:41]} 14. Bc3 {[%clk 1:02:45]} a5 {[%clk
0:42:18]} 15. e5 {[%clk 0:57:27]} Ng4 {[%clk 0:39:19]} 16. exd6 {[%clk
0:54:04]} exd6 {[%clk 0:39:43]} 17. Bxg7 {[%clk 0:54:06]} Kxg7 {[%clk 0:40:09]}
18. Qc3+ {[%clk 0:53:23]} Nf6 {[%clk 0:33:38]} 19. Ne4 {[%clk 0:50:30]} Bf5
{[%clk 0:31:13]} 20. Nxf6 {[%clk 0:48:09]} Qxf6 {[%clk 0:31:41]} 21. Qxa5
{[%clk 0:47:47]} Nc8 {[%clk 0:31:01]} 22. Rfc1 {[%clk 0:45:43]} Rb4 {[%clk
0:30:56]} 23. Bf1 {[%clk 0:41:44]} Nb6 {[%clk 0:26:44]} 24. a3 {[%clk 0:29:11]}
Rb3 {[%clk 0:26:44]} 25. Ne1 {[%clk 0:24:33]} Ra8 {[%clk 0:25:58]} 26. Qd2
{[%clk 0:25:00]} Raxa3 {[%clk 0:25:46]} 27. Rxa3 {[%clk 0:25:21]} Rxa3 {[%clk
0:26:12]} 28. Ng2 {[%clk 0:24:33]} h5 {[%clk 0:23:06]} 29. Ne3 {[%clk 0:24:02]}
Be4 {[%clk 0:21:50]} 30. Bg2 {[%clk 0:12:29]} Bxg2 {[%clk 0:22:09]} 31. Kxg2
{[%clk 0:12:16]} Rb3 {[%clk 0:22:27]} 32. Qe2 {[%clk 0:10:10]} Nd7 {[%clk
0:21:04]} 33. Rc2 {[%clk 0:00:53]} Qd4 {[%clk 0:19:39]} 34. Qf3 {[%clk
0:00:47]} Ne5 {[%clk 0:19:47]} 35. Nf5+ {[%clk 0:00:32]} gxf5 {[%clk 0:20:09]}
36. Qxb3 {[%clk 0:00:58]} Qe4+ {[%clk 0:20:18]} 1/2-1/2

[Event "DEM U18 2021"]
[Site "Willingen GER"]
[Date "2021.08.25"]
[Round "4"]
[White "Schmitt, Daniel"]
[Black "Boder, Jan"]
[Result "1/2-1/2"]
[Termination "normal"]
[Board "8"]
[WhiteElo "1966"]
[BlackElo "2146"]
[WhiteClock "00:00:46"]
[BlackClock "00:08:24"]
[PlyCount "138"]
[WhiteFideId "16279018"]
[BlackFideId "16243226"]
[EventCountry "GER"]
[EventRounds "9"]
[EventType "swiss"]
[EventDate "2021.08.22"]

1. e4 {[%clk 1:30:57]} c5 {[%clk 1:30:52]} 2. Nf3 {[%clk 1:31:21]} Nc6 {[%clk
1:31:15]} 3. d4 {[%clk 1:31:46]} cxd4 {[%clk 1:31:41]} 4. Nxd4 {[%clk 1:32:10]}
g6 {[%clk 1:31:55]} 5. c4 {[%clk 1:32:33]} Nf6 {[%clk 1:32:11]} 6. Nc3 {[%clk
1:32:57]} d6 {[%clk 1:32:34]} 7. Be2 {[%clk 1:32:54]} Nxd4 {[%clk 1:32:47]} 8.
Qxd4 {[%clk 1:33:15]} Bg7 {[%clk 1:33:01]} 9. Be3 {[%clk 1:33:14]} O-O {[%clk
1:33:11]} 10. Qd2 {[%clk 1:33:07]} Be6 {[%clk 1:33:05]} 11. O-O {[%clk
1:30:10]} Qa5 {[%clk 1:32:19]} 12. Rac1 {[%clk 1:24:19]} Rfc8 {[%clk 1:32:28]}
13. b3 {[%clk 1:22:27]} a6 {[%clk 1:30:52]} 14. Bf3 {[%clk 1:09:32]} Rab8
{[%clk 0:54:57]} 15. Ba7 {[%clk 1:02:57]} Ra8 {[%clk 0:53:57]} 16. Be3 {[%clk
0:57:59]} Rc7 {[%clk 0:25:32]} 17. Nd5 {[%clk 0:34:07]} Qxd2 {[%clk 0:25:35]}
18. Bxd2 {[%clk 0:34:34]} Bxd5 {[%clk 0:24:57]} 19. exd5 {[%clk 0:29:43]} Kf8
{[%clk 0:20:56]} 20. Ba5 {[%clk 0:24:59]} Rcc8 {[%clk 0:20:37]} 21. Rfe1 {[%clk
0:19:29]} Nd7 {[%clk 0:18:41]} 22. Kf1 {[%clk 0:14:34]} Bh6 {[%clk 0:17:29]}
23. Rc2 {[%clk 0:12:52]} b5 {[%clk 0:15:12]} 24. Be2 {[%clk 0:12:30]} Ne5
{[%clk 0:13:49]} 25. g3 {[%clk 0:11:47]} bxc4 {[%clk 0:13:43]} 26. Bxc4 {[%clk
0:10:22]} Nxc4 {[%clk 0:10:19]} 27. bxc4 {[%clk 0:09:34]} Rab8 {[%clk 0:10:43]}
28. f4 {[%clk 0:07:57]} Bg7 {[%clk 0:09:58]} 29. Ke2 {[%clk 0:07:18]} e6 {[%clk
0:05:26]} 30. dxe6 {[%clk 0:05:38]} fxe6 {[%clk 0:05:53]} 31. Kd3 {[%clk
0:05:50]} Kf7 {[%clk 0:06:18]} 32. Rce2 {[%clk 0:05:00]} Rc5 {[%clk 0:06:09]}
33. Bd2 {[%clk 0:03:24]} e5 {[%clk 0:05:31]} 34. Bc3 {[%clk 0:02:21]} Ke6
{[%clk 0:04:40]} 35. fxe5 {[%clk 0:01:00]} dxe5 {[%clk 0:04:57]} 36. Re4 {[%clk
0:01:05]} a5 {[%clk 0:03:39]} 37. Bd4 {[%clk 0:00:47]} Rd8 {[%clk 0:01:28]} 38.
Kc3 {[%clk 0:00:44]} Rc7 {[%clk 0:00:33]} 39. Bb6 {[%clk 0:00:39]} Rdc8 {[%clk
0:00:44]} 40. Bxc7 {[%clk 0:01:03]} Rxc7 {[%clk 0:01:13]} 41. g4 {[%clk
0:29:20]} Rf7 {[%clk 0:28:03]} 42. Kb3 {[%clk 0:22:47]} Kd6 {[%clk 0:24:17]}
43. h4 {[%clk 0:12:43]} Kc6 {[%clk 0:21:20]} 44. g5 {[%clk 0:12:18]} Rf3+
{[%clk 0:20:08]} 45. R1e3 {[%clk 0:12:26]} Rf1 {[%clk 0:20:07]} 46. Rd3 {[%clk
0:12:13]} Rf2 {[%clk 0:19:26]} 47. a3 {[%clk 0:11:32]} Rf1 {[%clk 0:15:43]} 48.
Ka4 {[%clk 0:08:46]} Bf8 {[%clk 0:14:05]} 49. Rxe5 {[%clk 0:05:16]} Rf4 {[%clk
0:14:19]} 50. Re6+ {[%clk 0:05:25]} Kc5 {[%clk 0:14:22]} 51. Rh3 {[%clk
0:02:56]} Rxc4+ {[%clk 0:13:31]} 52. Kxa5 {[%clk 0:02:21]} Bd6 {[%clk 0:11:00]}
53. Ree3 {[%clk 0:00:35]} Bf4 {[%clk 0:08:13]} 54. Re8 {[%clk 0:00:32]} Bc7+
{[%clk 0:06:55]} 55. Ka6 {[%clk 0:00:58]} Kc6 {[%clk 0:07:18]} 56. Re6+ {[%clk
0:01:07]} Bd6 {[%clk 0:06:04]} 57. Ka5 {[%clk 0:01:14]} Kd5 {[%clk 0:05:47]}
58. Re8 {[%clk 0:00:49]} Kc6 {[%clk 0:05:56]} 59. Rc8+ {[%clk 0:00:39]} Bc7+
{[%clk 0:05:58]} 60. Rxc7+ {[%clk 0:00:59]} Kxc7 {[%clk 0:06:26]} 61. Kb5
{[%clk 0:01:03]} Rf4 {[%clk 0:06:47]} 62. Kc5 {[%clk 0:00:57]} Rf5+ {[%clk
0:07:02]} 63. Kd4 {[%clk 0:01:22]} Kd6 {[%clk 0:07:12]} 64. Ke4 {[%clk
0:00:44]} Ra5 {[%clk 0:07:31]} 65. Rd3+ {[%clk 0:00:34]} Ke6 {[%clk 0:07:43]}
66. Kf4 {[%clk 0:00:54]} Ra4+ {[%clk 0:07:57]} 67. Kg3 {[%clk 0:01:19]} Kf5
{[%clk 0:07:36]} 68. Rf3+ {[%clk 0:01:28]} Ke6 {[%clk 0:08:00]} 69. Rf4 {[%clk
0:00:46]} Rxa3+ {[%clk 0:08:24]} 1/2-1/2

[Event "DEM U18 2021"]
[Site "Willingen GER"]
[Date "2021.08.25"]
[Round "4"]
[White "Hofmann, Lorenz"]
[Black "Wander, Dennis"]
[Result "1-0"]
[Termination "normal"]
[Board "9"]
[WhiteElo "2071"]
[BlackElo "1610"]
[WhiteClock "00:10:38"]
[BlackClock "00:48:28"]
[PlyCount "71"]
[WhiteFideId "12995509"]
[BlackFideId "16276523"]
[EventCountry "GER"]
[EventRounds "9"]
[EventType "swiss"]
[EventDate "2021.08.22"]

1. e4 {[%clk 1:30:59]} e5 {[%clk 1:30:54]} 2. Nf3 {[%clk 1:31:26]} Nc6 {[%clk
1:31:17]} 3. Bc4 {[%clk 1:31:54]} Bc5 {[%clk 1:31:40]} 4. O-O {[%clk 1:32:15]}
Nf6 {[%clk 1:32:04]} 5. d3 {[%clk 1:32:38]} d6 {[%clk 1:32:05]} 6. c3 {[%clk
1:32:57]} a6 {[%clk 1:32:15]} 7. Bb3 {[%clk 1:32:54]} O-O {[%clk 1:32:29]} 8.
Re1 {[%clk 1:33:11]} Ne7 {[%clk 1:32:28]} 9. d4 {[%clk 1:31:00]} exd4 {[%clk
1:31:29]} 10. cxd4 {[%clk 1:30:32]} Ba7 {[%clk 1:31:50]} 11. Bg5 {[%clk
1:25:13]} Ng6 {[%clk 1:31:32]} 12. Nh4 {[%clk 1:20:38]} Re8 {[%clk 1:26:05]}
13. Nxg6 {[%clk 1:16:35]} hxg6 {[%clk 1:26:25]} 14. Nc3 {[%clk 1:16:41]} c6
{[%clk 1:24:51]} 15. Qd2 {[%clk 1:09:47]} Qb6 {[%clk 1:20:04]} 16. Rad1 {[%clk
1:07:57]} Bg4 {[%clk 1:17:53]} 17. f3 {[%clk 1:02:10]} Be6 {[%clk 1:17:28]} 18.
Bxe6 {[%clk 0:57:45]} Rxe6 {[%clk 1:17:50]} 19. Ne2 {[%clk 0:50:29]} d5 {[%clk
1:16:58]} 20. Nf4 {[%clk 0:46:36]} Ree8 {[%clk 1:13:30]} 21. e5 {[%clk
0:46:04]} Nh7 {[%clk 1:11:41]} 22. Nh3 {[%clk 0:31:38]} Nxg5 {[%clk 1:08:18]}
23. Nxg5 {[%clk 0:31:36]} f6 {[%clk 1:08:00]} 24. exf6 {[%clk 0:23:38]} Qxd4+
{[%clk 1:04:15]} 25. Kh1 {[%clk 0:23:04]} Qxf6 {[%clk 1:01:59]} 26. f4 {[%clk
0:19:57]} Bd4 {[%clk 0:59:15]} 27. h3 {[%clk 0:18:25]} Bxb2 {[%clk 0:56:38]}
28. Qf2 {[%clk 0:16:38]} Bc3 {[%clk 0:53:03]} 29. Rf1 {[%clk 0:16:52]} d4
{[%clk 0:51:36]} 30. Qh4 {[%clk 0:16:53]} Rad8 {[%clk 0:51:32]} 31. f5 {[%clk
0:14:01]} Re5 {[%clk 0:48:21]} 32. Qh7+ {[%clk 0:13:41]} Kf8 {[%clk 0:48:40]}
33. Ne6+ {[%clk 0:10:30]} Ke7 {[%clk 0:48:32]} 34. Nxd8 {[%clk 0:10:28]} Kxd8
{[%clk 0:48:32]} 35. fxg6 {[%clk 0:10:35]} Qe7 {[%clk 0:48:28]} 36. Qg8+ {[%clk
0:10:38]} 1-0